Score 0/32 Timer 05:00
8 Plays Today
Answer % Correct
French fries
98.1%
Pants
95.6%
Garbage
95.1%
Chips
94.9%
Soccer
94%
Football
93.8%
Elevator
92.9%
Flashlight
92.7%
Ladybug
92.5%
Line
92.2%
Eraser
92.2%
Eggplant
89.7%
Lift
89.4%
Checkers
88.8%
Sweater
87.6%
Sidewalk
85.3%
Answer % Correct
Shopping cart
84.3%
Trousers
83.5%
Queue
83.1%
Cotton candy
81.9%
Rubbish
79.5%
Torch
78.2%
Rubber
71.1%
Jumper
69.1%
Aubergine
62.3%
Crosswalk
61.4%
Candy floss
61.1%
Trolley
59.2%
Ladybird
52.2%
Pavement
49.1%
Zebra crossing
46.7%
Draughts
40.6%
Come Together.
Have Fun.
All Virtual.
We all need to come together. Play Sporcle's virtual live trivia to have fun, connect with people, and get your trivia on. Join a live hosted trivia game for your favorite pub trivia experience done virtually. If a virtual private party is more your thing, go here for details.

You're not logged in!

Compare scores with friends on all Sporcle quizzes.
OR
Log In

Sporcle TV

Today on Sporcle TV


Watch our educational content, quiz creation guides, and fun videos on Sporcle TV.

Show Comments

Extras

Top Quizzes Today


Score Distribution

Paid Content

Your Account Isn't Verified!

In order to create a playlist on Sporcle, you need to verify the email address you used during registration. Go to your Sporcle Settings to finish the process.

Report this User

Report this user for behavior that violates our Community Guidelines.

Details: